|
|
|
|
| LEADER |
01763Cam#a22003855a#4500 |
| 001 |
025098 |
| 003 |
AR-BeUNQ |
| 005 |
20220420125224.0 |
| 008 |
130905s2013||||ag a |#||||a010|0#spa#d |
| 999 |
|
|
|c 23321
|d 98708
|
| 020 |
|
|
|a 9789875582613
|
| 040 |
|
|
|a AR-BeUNQ
|e aacr
|
| 082 |
0 |
4 |
|a 989.5
|2 21
|
| 100 |
1 |
|
|a Torres, María Inés de.
|
| 245 |
1 |
3 |
|a ¿La nación tiene cara de mujer? :
|b mujeres y nación en el imaginario letrado del Uruguay del siglo XIX
|c María Inés de Torres.
|
| 260 |
|
|
|a Bernal :
|b Universidad Nacional de Quilmes,
|c 2013.
|
| 300 |
|
|
|a 159 p. :
|b il. ;
|c 23 cm.
|
| 490 |
1 |
|
|a La ideología argentina y latinoamericana / dirigida por Jorge Myers
|
| 500 |
|
|
|a En tapa: "Colección homenaje a Oscar Terán".
|
| 504 |
|
|
|a Bibliografía: p. 155-159.
|
| 505 |
0 |
|
|a Los orígenes de la patria o la nación como familia -- El cuerpo de la familia-nación y sus límites: naturaleza, exilio y prostitución -- Mujeres, etnia y nación: historias de amor sin final feliz o la nación como eros
|
| 648 |
|
4 |
|a Siglo XIX
|
| 650 |
|
7 |
|a Mujeres
|2 spines
|
| 650 |
|
7 |
|a Historia
|2 spines
|
| 650 |
|
7 |
|a Sociedad
|2 toit
|
| 650 |
|
7 |
|a Familias
|2 spines
|
| 650 |
|
7 |
|a Nación
|2 toit
|
| 651 |
|
7 |
|a Uruguay
|2 spines
|
| 653 |
|
|
|a Identidad nacional
|
| 830 |
|
0 |
|a La ideología argentina y latinoamericana (Universidad Nacional de Quilmes).
|
| 929 |
|
|
|a DONACION
|b Proveniente de: Editorial UNQ
|d 350,00E
|e 20130827
|f PAT0050257
|g P215
|j 49816
|
| 929 |
|
|
|a DONACION
|b Proveniente de: Editorial UNQ
|d 350,00E
|e 20130827
|f PAT0050258
|g P215
|j 49817
|
| 929 |
|
|
|a DONACION
|b Proveniente de: Editorial UNQ
|d 350,00E
|e 20130827
|f PAT0050259
|g P215
|j 49818
|
| 929 |
|
|
|a DONACION
|b Proveniente de: Editorial UNQ
|d 350,00E
|e 20130827
|f PAT0050260
|g P215
|j 49819
|
| 942 |
|
|
|c LIB
|n 0
|